<?xml version="1.0" encoding="UTF-8"?>
<record
    xmlns:xsi="http://www.w3.org/2001/XMLSchema-instance"
    xsi:schemaLocation="http://www.loc.gov/MARC21/slim http://www.loc.gov/standards/marcxml/schema/MARC21slim.xsd"
    xmlns="http://www.loc.gov/MARC21/slim">

  <leader>01576nam0a22003491  4500</leader>
  <controlfield tag="001">RU\NLR\A1\25887</controlfield>
  <controlfield tag="005">20251203152403.2</controlfield>
  <datafield tag="035" ind1=" " ind2=" ">
    <subfield code="a">(NLR Aleph) 009680208</subfield>
  </datafield>
  <datafield tag="090" ind1=" " ind2=" ">
    <subfield code="a">9698728</subfield>
    <subfield code="c">9698728</subfield>
  </datafield>
  <datafield tag="100" ind1=" " ind2=" ">
    <subfield code="a">19990622d1787    a  y0rusy50      ca</subfield>
  </datafield>
  <datafield tag="101" ind1="0" ind2=" ">
    <subfield code="a">rus</subfield>
  </datafield>
  <datafield tag="102" ind1=" " ind2=" ">
    <subfield code="a">RU</subfield>
  </datafield>
  <datafield tag="200" ind1="1" ind2=" ">
    <subfield code="a">&#x41A;&#x440;&#x430;&#x442;&#x43A;&#x430;&#x44F;, &#x441;&#x432;&#x44F;&#x449;&#x435;&#x43D;&#x43D;&#x430;&#x44F; &#x438; &#x433;&#x440;&#x430;&#x436;&#x434;&#x430;&#x43D;&#x441;&#x43A;&#x430;&#x44F; &#x438;&#x441;&#x442;&#x43E;&#x440;&#x438;&#x44F;, &#x43E;&#x442; &#x437;&#x430;&#x447;&#x430;&#x442;&#x438;&#x44F; &#x43C;&#x438;&#x440;&#x430; &#x43F;&#x43E; &#x432;&#x43E;&#x437;&#x43D;&#x435;&#x441;&#x435;&#x43D;&#x438;&#x435; &#x425;&#x440;&#x438;&#x441;&#x442;&#x43E;&#x432;&#x43E; &#x447;&#x440;&#x435;&#x437; &#x441;&#x435;&#x43C;&#x44C; &#x43E;&#x43A;&#x440;&#x443;&#x433;&#x43E;&#x432; &#x43F;&#x440;&#x43E;&#x434;&#x43E;&#x43B;&#x436;&#x430;&#x435;&#x43C;&#x430;&#x44F;,</subfield>
    <subfield code="f">&#x418; &#x434;&#x43B;&#x44F; &#x44E;&#x43D;&#x43E;&#x448;&#x435;&#x441;&#x442;&#x432;&#x430; &#x43A;&#x430;&#x43A; &#x438;&#x437; &#x421;&#x432;&#x44F;&#x449;&#x435;&#x43D;&#x43D;&#x44B;&#x445; &#x43A;&#x43D;&#x438;&#x433;, &#x438;&#x43B;&#x438; &#x432;&#x441;&#x435;&#x439; &#x411;&#x438;&#x431;&#x43B;&#x438;&#x438;, &#x442;&#x430;&#x43A; &#x438; &#x433;&#x440;&#x430;&#x436;&#x434;&#x430;&#x43D;&#x441;&#x43A;&#x438;&#x445; &#x43B;&#x430;&#x442;&#x438;&#x43D;&#x441;&#x43A;&#x438;&#x445; &#x438;&#x441;&#x442;&#x43E;&#x440;&#x438;&#x43A;&#x43E;&#x432;. &#x412;&#x44B;&#x431;&#x440;&#x430;&#x43D;&#x43D;&#x430;&#x44F; &#x442;&#x440;&#x443;&#x434;&#x430;&#x43C;&#x438; &#x43E;&#x434;&#x43D;&#x43E;&#x433;&#x43E; &#x440;&#x43E;&#x441;&#x441;&#x438;&#x430;&#x43D;&#x438;&#x43D;&#x430;, &#x43B;&#x430;&#x442;&#x438;&#x43D;&#x441;&#x43A;&#x438;&#x445; &#x448;&#x43A;&#x43E;&#x43B;, &#x438; &#x440;&#x435;&#x442;&#x43E;&#x440;&#x438;&#x43A;&#x438; &#x432; &#x422;&#x432;&#x435;&#x440;&#x438; &#x431;&#x44B;&#x432;&#x448;&#x430;&#x433;&#x43E; &#x443;&#x447;&#x438;&#x442;&#x435;&#x43B;&#x44F;</subfield>
  </datafield>
  <datafield tag="210" ind1=" " ind2=" ">
    <subfield code="a">&#x41C;.</subfield>
    <subfield code="c">&#x422;&#x438;&#x43F;. &#x425;&#x440;. &#x41A;&#x43B;&#x430;&#x443;&#x434;&#x438;&#x44F;</subfield>
    <subfield code="d">1787</subfield>
  </datafield>
  <datafield tag="215" ind1=" " ind2=" ">
    <subfield code="a">[17], 240 &#x441;.</subfield>
    <subfield code="d">8&#xB0;</subfield>
  </datafield>
  <datafield tag="304" ind1=" " ind2=" ">
    <subfield code="a">&#x412; &#x43A;&#x43E;&#x43D;&#x446;&#x435; &#x43F;&#x43E;&#x441;&#x432;&#x44F;&#x449;. &#x430;&#x432;&#x442;.: &#x413;&#x430;&#x432;&#x440;&#x438;&#x43B;&#x430; &#x429;&#x435;&#x433;&#x43E;&#x43B;&#x435;&#x432;</subfield>
  </datafield>
  <datafield tag="321" ind1="1" ind2=" ">
    <subfield code="a">&#x421;&#x41A; XVIII 8518</subfield>
  </datafield>
  <datafield tag="620" ind1=" " ind2=" ">
    <subfield code="d">&#x41C;&#x43E;&#x441;&#x43A;&#x432;&#x430;</subfield>
  </datafield>
  <datafield tag="700" ind1=" " ind2="1">
    <subfield code="a">&#x429;&#x435;&#x433;&#x43E;&#x43B;&#x435;&#x432;</subfield>
    <subfield code="b">&#x413;.</subfield>
    <subfield code="g">&#x413;&#x430;&#x432;&#x440;&#x438;&#x438;&#x43B;</subfield>
    <subfield code="4">070</subfield>
  </datafield>
  <datafield tag="702" ind1=" " ind2="1">
    <subfield code="a">&#x41A;&#x43B;&#x430;&#x443;&#x434;&#x438;&#x439;</subfield>
    <subfield code="b">&#x425;.&#x410;.</subfield>
    <subfield code="f">-1805</subfield>
    <subfield code="g">&#x425;&#x440;&#x438;&#x441;&#x442;&#x43E;&#x444;&#x43E;&#x440; &#x410;&#x43B;&#x435;&#x43A;&#x441;&#x430;&#x43D;&#x434;&#x440;&#x43E;&#x432;&#x438;&#x447;</subfield>
    <subfield code="4">610</subfield>
  </datafield>
  <datafield tag="712" ind1="0" ind2="0">
    <subfield code="a">&#x41A;&#x43B;&#x430;&#x443;&#x434;&#x438;&#x439;</subfield>
    <subfield code="g">&#x425;.&#x410;.</subfield>
    <subfield code="h">&#x422;&#x438;&#x43F;&#x43E;&#x433;&#x440;&#x430;&#x444;&#x438;&#x44F; &#x43F;&#x440;&#x438; &#x422;&#x435;&#x430;&#x442;&#x440;&#x435;</subfield>
    <subfield code="c">&#x41C;&#x43E;&#x441;&#x43A;&#x432;&#x430;</subfield>
    <subfield code="4">610</subfield>
  </datafield>
  <datafield tag="801" ind1=" " ind2="0">
    <subfield code="a">RU</subfield>
    <subfield code="b">NLR</subfield>
    <subfield code="c">19990622</subfield>
  </datafield>
  <datafield tag="852" ind1=" " ind2=" ">
    <subfield code="a">NLR</subfield>
    <subfield code="j">18.82.5.10</subfield>
  </datafield>
  <datafield tag="852" ind1=" " ind2=" ">
    <subfield code="a">NLR</subfield>
    <subfield code="j">138/2377</subfield>
  </datafield>
  <datafield tag="899" ind1=" " ind2=" ">
    <subfield code="a">&#x41A;&#x423;&#x41D;&#x411;</subfield>
  </datafield>
  <datafield tag="899" ind1=" " ind2=" ">
    <subfield code="a">&#x420;&#x413;&#x411;</subfield>
  </datafield>
  <datafield tag="899" ind1=" " ind2=" ">
    <subfield code="a">&#x411;&#x410;&#x41D;</subfield>
  </datafield>
  <datafield tag="899" ind1=" " ind2=" ">
    <subfield code="a">&#x413;&#x41F;&#x418;&#x411;</subfield>
  </datafield>
  <datafield tag="942" ind1=" " ind2=" ">
    <subfield code="c">BOOK</subfield>
  </datafield>
  <datafield tag="980" ind1=" " ind2=" ">
    <subfield code="a">NB</subfield>
  </datafield>
  <datafield tag="980" ind1=" " ind2=" ">
    <subfield code="a">A1XVIIIv</subfield>
  </datafield>
  <datafield tag="995" ind1=" " ind2=" ">
    <subfield code="5">2016-05-13</subfield>
    <subfield code="b">NLR02</subfield>
    <subfield code="c">NLR02</subfield>
    <subfield code="e">RFS</subfield>
    <subfield code="f">9680208-10</subfield>
    <subfield code="k">18.82.5.10</subfield>
    <subfield code="o">0</subfield>
    <subfield code="r">BOOK</subfield>
    <subfield code="s">1882510_</subfield>
  </datafield>
</record>
